=LDR 00000nam 2200000 4500 =001 INLIS000000000027422 =005 20130612125812 =008 ***********************************Ind** =035 ##$$0010-061300000027422 =041 ##$$a Ind =082 ##$$a 3510 =090 ##$$a 510, Fre m =100 ##$$a Frensidy,Budi =245 ##$$a Matematika keuangan, Budi frensidy;Editor,Rachman untung =260 ##$$a 2007 $b Jakarta =300 ##$$a x,275 hlm, ilus, 26 cm =650 ##$$a Matematika-Keuangan =700 ##$$a Untung,Rachman =850 ##$$a NBPNMAT =990 ##$$a 92457/BPAP-NTB/2014 =990 ##$$a 0001/BPAP-NTB/2015 =990 ##$$a 0001/BPAP-NTB/2015 =990 ##$$a 0001/BPAP-NTB/2015